| 000 | 00914cab a22002055a 4500 | ||
|---|---|---|---|
| 001 | L157565 | ||
| 008 | 130122e20130119xxk 000 0 eng d | ||
| 035 | _a(Sirsi) u157565 | ||
| 041 | 0 | _aeng | |
| 100 | 1 | _aMurphy, Gary | |
| 245 | 0 | 2 | _aA fair test for auctioneers |
| 260 | _c2013 | ||
| 490 |
_aEstates Gazette _v(1303) 19 January 2013, 82-83(2) |
||
| 520 | _aWith the Property Misdescription Act 1991 being repealed in 2013 looks at the wider regulatory framework. The interests of consumers and businesses will now be protected by regulations that have been in force since May 2008 such as the Consumer Protection from Unfair Trading Regulations 2008 and the Business Protection from Misleading Marketing Regulations 2008. With a table of comparisons between the various Acts. | ||
| 590 | _aKA | ||
| 651 | 4 | _aUnited Kingdom | |
| 690 |
_aSales _96269 |
||
| 690 |
_aResidential property _96266 |
||
| 942 | _n0 | ||
| 999 |
_c84413 _d84413 |
||